| 000 | 02188nam a22002297a 4500 | ||
|---|---|---|---|
| 003 | BJBSDDR | ||
| 005 | 20260512115208.0 | ||
| 007 | ta | ||
| 008 | 260512s2009 nyu||||| |||| 00| 0 eng d | ||
| 020 | _a9780385513999 | ||
| 040 |
_bspa _cBJBSDDR |
||
| 041 | _aeng | ||
| 050 | _bH477 2009 | ||
| 100 | 1 |
_aHeller, Anne C _948399 |
|
| 245 | 1 | 0 |
_aAyn Rand and the world she made / _cAnne C. Heller |
| 260 |
_aNew York : _bRecording for the Blind & Dyslexic, _c2009 |
||
| 300 |
_axiv, 566 pages : _billustrations ; _c24 cm |
||
| 505 | _a 5050 Before the Revolution : 1905-1917 Looters : 1917-1925 Freedom to think : 1926-1934 We are not like our brothers : 1934-1938 The Fountainhead : 1936-1941 The soul of an individualist : 1939-1942 Money : 1943 Fame : 1943-1946 The top and the bottom : 1946-1949 The means and the end : 1950-1953 The immovable mover : 1953-1957 Atlas shrugged : 1957 The public philosopher : 1958-1963 Account overdrawn : 1962-1967 Either/or (the break) : 1967-1968 In the name of the best within us : 1969-1982 | ||
| 520 | _aAyn Rand is best known as the author of the perennially bestselling novels The Fountainhead and Atlas Shrugged. Altogether, more than 12 million copies of the two novels have been sold in the United States. The books have attracted three generations of readers, shaped the foundation of the Libertarian movement, and influenced White House economic policies throughout the Reagan years and beyond. A passionate advocate of laissez-faire capitalism and individual rights, Rand remains a powerful force in the political perceptions of Americans today. Yet twenty-five years after her death, her readers know little about her life. In this seminal biography, Anne Conover Heller traces the controversial author's life from her childhood in Russia during the Bolshevik Revolution to her years as a screenwriter in Hollywood, the publication of her blockbuster novels, and the rise and fall of the cult that formed around her in the 1950s and 1960s. Throughout, Heller reveals previously unknown facts about Rand's history and looks at Rand with new research and a fresh perspective. | ||
| 942 |
_2lcc _n0 _cBK |
||
| 946 | _icmc | ||
| 999 |
_c127057 _d127057 |
||